Éléments de syntaxe structurale /

Bibliographic Details
Main Author: Tesnière, Lucien, 1893-1954
Format: Book
Language:French
Published: Paris : Klincksieck, 1982
Edition:2e éd., 4 tirage.
Subjects:

MARC

Tag First Indicator Second Indicator Subfields
LEADER 00000cam a2200000 a 4500
001 in00000008096
005 20151002070135.0
008 840224c19821959fr ab b 00010 fre d
015 |a F77-6784 
020 |a 2252023910 
035 |a (OCoLC)10452390 
035 |9 AAA0451AM 
040 |a JNA  |c JNA  |d m/c  |d TXA  |d UtOrBLW 
050 4 |a P291  |b .T4 1982 
082 0 |a 415 
100 1 |a Tesnière, Lucien,  |d 1893-1954. 
245 1 0 |a Éléments de syntaxe structurale /  |c Lucien Tesniére ; prēface de Jean Fourquet. 
250 |a 2e éd., 4 tirage. 
264 1 |a Paris :  |b Klincksieck,  |c 1982 
264 4 |c ©1959 
300 |a xxvi, 674 pages :  |b illustrations, [1] folded map ;  |c 24 cm. 
336 |a text  |b txt  |2 rdacontent 
337 |a unmediated  |b n  |2 rdamedia 
338 |a volume  |b nc  |2 rdacarrier 
504 |a Bibliography : [671]-674. 
650 0 |a Grammar, Comparative and general  |x Syntax. 
650 0 |a Structural linguistics. 
999 |a MARS 
999 f f |s 69dee951-8917-3ceb-bd7d-560cec8ac6e6  |i 948064b0-97f5-3819-bc33-9f318c800f14  |t 0 
952 f f |p ric  |a Texas A&M University  |b Rellis Campus  |c Joint Library Facility  |s JLF  |d Remote Storage  |t 0  |e P291 .T4 1982  |h Library of Congress classification  |i unmediated -- volume  |m A14810951195 
998 f f |a P291 .T4 1982  |t 0  |l Remote Storage